01337 a2200205 45000010003000000050017000030080041000200030015000610400040000760800073001162450041001890200022002302500011002522640034002633000026002975050610003231000026009337000033009598560139009921820260407155402.0260407a2000 arg spa dAR-UNSa-BCEJYS aAR-UNSa-BCEJYSbspacAR-UNSa-BCEJYS a658.3xPersonal. Relaciones humanas en la empresa (Recursos Humanos)10aAdministración de recursos humanos a978-958-41-0037-5 a5a. ed 1aBogotá :bMcGraw-Hillc2000 axviii, 699 p.c23 cm. a1. Las organizaciones - 2. Las personas - 3. Las personas y las organizaciones - 4. Administración de recursos humanos - 5. Reclutamiento de personas - 6. Selección de personal - 7. Diseño de cargos - 8. Descripción y análisis de cargos - 9. Evaluación de desempeño humano - 10. Compensación (administración de salarios) - 11. Planes de beneficios sociales - 12. Higiene y seguridad en el trabajo - 13. Relaciones laborales - 14. Entrenamiento y desarrollo de personal - 15. Desarollo organizacional - 16. Base de datos y sistemas de información - 17.Auditoría de recursos humanos 1 aChiavenato, Idalberto1 aVillamizar, Germán Alberto41uhttps://biblioeco.unsa.edu.ar/pmb/images/libros/Administracion de Recursos Humanos 5ed (Chiavenato).jpgyImagen de portadaqimage/jpeg